Statistics for U.S. States with the Most Mexican Americans

Click here to take the quiz!

General Stats

  • This quiz has been taken 283 times
  • The average score is 9 of 10

Answer Stats

#State%% Correct
12,621,844California32.3
100%
9,394,506Texas33.7
100%
1,926,274Arizona27.8
98%
658,516New Mexico31.5
98%
713,518Florida3.50
93%
629,469Nevada21.6
91%
869,149Colorado15.8
81%
561,710Georgia5.50
71%
1,715,831Illinois13.4
70%
728,208Washington10.0
69%

Score Distribution

Percentile by Number Answered

Percent of People with Each Score

Your Score History

You have not taken this quiz